=LDR 00000nam 2200000 4500 =001 000631 =005 20250711120106 =035 ##$$a 0010-0725000499 =007 ta =008 250711################a##########0#ind## =020 ##$$a 978-623-118-901-1 =082 ##$$a 398.209 598 =084 ##$$a 398.209 598 FAU s =100 #$$a Fauzi, Muhammad =245 1#$$a Si Anak Dieng /$c Muhammad Fauzi =250 ##$$a Cetakan Pertama =260 ##$$a Jakarta Timur :$b Kementerian Pendidikan, Kebudayaan, Riset, dan Teknologi,$c 2022 =300 ##$$a 36 hlm : $b ilus. ; $c 29,7 cm =856 ##$$a TBM AS SUHADA =990 ##$$a TBM03970397 =990 ##$$a TBM04000400